Estado, mercado y conocimiento: Políticas y resultados en la Educación superior chilena 1960-1990 /

Збережено в:
Бібліографічні деталі
Автор: Brunner, José Joaquín
Інші автори: Courard, Hernán Cox, Cristián
Формат: Текст
Опубліковано: Santiago: Foro de la Eduación Superior
Теги: Додати тег
Немає тегів, Будьте першим, хто поставить тег для цього запису!

MARC

LEADER 00000 a a2200000 04500
001 25348
003
040
090 |a 181300  
100 |a Brunner, José Joaquín  
245 |a Estado, mercado y conocimiento: Políticas y resultados en la Educación superior chilena 1960-1990 /  |c José Joaquín Brunner 
260 |a Santiago:   |b Foro de la Eduación Superior  
300 |a 278 p.  
700 |a Courard, Hernán   |a Cox, Cristián  
999 |c 1456  |d 1456